| 000 | 00590nam a22002177a 4500 | ||
|---|---|---|---|
| 003 | IT-MiCISF | ||
| 005 | 20240530150357.0 | ||
| 008 | 240530b |||||||| |||| 00| 0 eng d | ||
| 040 | _cIT-MiCISF | ||
| 041 | _ait | ||
| 100 |
_aReginato Angelo _960756 |
||
| 245 |
_a"Suo marito partì con lei". _bIl lungo esodo dalla terra del patriarcato |
||
| 250 | _a"Aggiornamenti sociali", n. 4, aprile | ||
| 260 | _c2024 | ||
| 300 | _app. 273-278 | ||
| 310 | _amensile | ||
| 500 | _abibbia, identità -maschile, uomo | ||
| 650 |
_achiesa _959967 |
||
| 654 | _aarticolo | ||
| 942 |
_2ddc _cCR |
||
| 999 |
_c360104 _d360106 |
||